| 000 | 00838nam a2200253 i 4500 | ||
|---|---|---|---|
| 001 | 184314 | ||
| 003 | ES-MaACL | ||
| 005 | 20231119150134.0 | ||
| 008 | 150617s2011 sp |||| | spa d | ||
| 020 | _a978-84-9946-150-2 | ||
| 080 | _a82:1 | ||
| 100 | 1 |
_aCabada Gómez, Manuel. _9157059 |
|
| 245 | 1 | 0 |
_aTeoría de la deshistorizante legibilidad literaria / _cManuel Cabada Gómez. |
| 250 | _a2ª ed. | ||
| 260 |
_aMadrid : _bEdición Personal, _c2011. |
||
| 300 |
_a211 p. ; _c21 cm. |
||
| 504 | _aBibliografía: p. [209]-211. | ||
| 650 | 4 |
_aLiteratura- _xFilosofía. _914488 |
|
| 852 | 4 |
_aES-MaACL _jA-13556 _9191310 _bR.150779 _cDEPO1 _dOlim: N-6556 _hDonacion: Manuel Cabada Gómez |
|
| 903 |
_9157059 _aCabada Gómez, Manuel _ednr |
||
| 942 |
_2udc _cMONOGRAFIA |
||
| 999 |
_c184314 _d184314 |
||